Passatempos [de] inglês (Registo nº 985)

Detalhes MARC
000 -Etiqueta do registo
Cabeçalho 00858nam a2200325 i 4500
005 - Identificador da versão
Campo de controlo 20240813121820.0
010 ## - Número internacional normalizado dos livros (ISBN)
Número (ISBN) 9720315466
021 ## - Número do Depósito Legal
Código do país PT
Número 238815/06
035 ## - Other System Control Numbers
System Control Number 0001050
System Control Number 0001033
100 ## - Dados gerais de processamento
Dados gerais de processamento 20080204d2006 e y0pory5003 ba
102 ## - Pais de publicação ou produção
País de publicação Portugal
101 0# - Língua de publicação
Língua do texto, banda sonora, etc. Inglês
106 ## - Campo de dados codificados: material textual
Dados codificados do material textual r
105 ## - Campo de dados codificados: livros
Dados codificados dos livros a j 000yy
215 ## - Descrição física 
Indicação específica da natureza do documento e extensão da espécie 64 p.
Outras indicações físicas il.
Dimensões 20 cm
200 1# - Titulo e menção de responsabilidade
Título próprio Passatempos [de] inglês
Informação de outro título 7o ano
Primeira menção de responsabilidade Marco António
225 2# - Colecção 
Título próprio da colecção Passatempos
205 ## - Menção da edição
Menção da edição [1a ed.]
210 ## - Publicação, Distribuição, etc. 
Lugar da edição, distribuição, etc. Porto
Nome do editor, distribuidor, etc. Porto Editora
Data da publicação, distribuição, etc. imp. 2006
606 ## - Nome comum usado como assunto
Número de registo de entrada de autoridade 0001323
Palavra de ordem Língua inglesa
Subdivisão de assunto Jogos educativos
Código do sistema SIPOR
675 ## - Classificação Decimal Universal (CDU)
Notação 811.111(075.2)
Edição BN
Língua da edição por
Notação 371.69(469)
Edição BN
Língua da edição por
Notação 373.34(469)
Edição BN
Língua da edição por
700 #1 - Nome de autor-pessoa física (responsabilidade principal)
Número de registo de entrada de autoridade 0001325
Palavra de ordem António
Outra parte do nome não tomada para palavra de ordem Marco
942 ## - Elementos de entrada adicionados (Koha)
Tipo de item no Koha Livro
Exemplares
Situação do levantamento Origin of item (home branch) (coded) Biblioteca de empréstimo Código de barras Cota Circulation type (not for loan) Tipo de documento Nota do exemplar Damaged status
  Biblioteca Escolar Eng. Nuno Mergulhão Biblioteca Escolar Eng. Nuno Mergulhão BENM1736 811   Livro Sem mensagem